000 01031cam a2200337 a 4500
999 _c7742
_d7742
001 7742
003 BD-JhCC
005 20180213133005.0
008 091210s2011 caua bf 001 0 eng d
020 _a9781847878960 (hbk.)
020 _a1847878962 (hbk.)
020 _a9781847878977 (pbk.)
020 _a1847878970 (pbk.)
035 _a(BD-JhCC)7742
040 _aNLE
_cNLE
_dS8J
_dCDX
_dYDXCP
_dBTCTA
_dBWK
_dUKMGB
_dDLC
_dBD-JhCC
041 _aeng
050 0 0 _aPN4781
_b.H32 2011
082 0 4 _a070.4
_222
_bSPA 2011
100 1 _aSpark, David.
245 1 0 _aPractical newspaper reporting /
_cDavid Spark and Geoffrey Harris.
250 _a4th ed.
260 _aLos Angeles, Calif. :
_bSAGE,
_c2011.
300 _axiv, 210 p. :
_bill. ;
_c24 cm.
500 _aPrevious ed.: Oxford: Focal, 1997.
504 _aIncludes bibliographical references and index.
650 0 _aReporters and reporting.
650 0 _aJournalism
_vHandbooks, manuals, etc.
700 1 _aHarris, Geoffrey.
942 _2ddc
_cBK